000 00626nam a2200229Ia 4500
003 OSt
005 20220924144212.0
006 a|||||r|||| 00| 0
007 ta
008 220923b |||||||| |||| 00| 0 urd d
024 _a312811
037 _cTextual
040 _aARTS
_cARTS
_burd
041 _2urd
_aurd
082 _aO168,1M02:g, L6
100 _aKashmiri Akbar Haidri
_9193098
245 0 _aShayar-e-Aazam Mirza Salamat Ali Dabeer
_b Tehqiqi mutala
260 _c1976
650 _aURDU POETRY
942 _hO168,1M02:g, L6
_cTEXL
_2CC
999 _c456410
_d456410